000 00305nam a2200121Ia 4500
008 231129s9999||||xx |||||||||||||| ||spa||
040 _bspa
082 _a616.849 T693s
100 _aTorres Norry Jose
245 0 _aEl sueño y los sueños
264 _aBarcelona (España) : Grijalbo
942 _2ddc
_cBKS
999 _c12491
_d12491